The social problem solving inventory–revised as a measurement of individuals' social problems solving review of modern literature /

Elmentve itt :
Bibliográfiai részletek
Szerzők: Aburezeq Khalil
Kasik László
Dokumentumtípus: Cikk
Megjelent: 2021
Sorozat:Romanian Journal of Psychological Studies 9 No. 1
mtmt:31918787
Online Access:http://publicatio.bibl.u-szeged.hu/21056
LEADER 00753nab a2200193 i 4500
001 publ21056
005 20210316231827.0
008 210316s2021 hu o 0|| zxx d
022 |a 2360-3690 
024 7 |a 31918787  |2 mtmt 
040 |a SZTE Publicatio Repozitórium  |b hun 
041 |a zxx 
100 1 |a Aburezeq Khalil 
245 1 4 |a The social problem solving inventory–revised as a measurement of individuals' social problems solving  |h [elektronikus dokumentum] :  |b review of modern literature /  |c  Aburezeq Khalil 
260 |c 2021 
300 |a 14-25 
490 0 |a Romanian Journal of Psychological Studies  |v 9 No. 1 
700 0 1 |a Kasik László  |e aut 
856 4 0 |u http://publicatio.bibl.u-szeged.hu/21056/1/RJPS_nr_91_2021_A2_Aburezeq-Kasik.pdf  |z Dokumentum-elérés